000 00414nam a2200157 4500
001 131135
003 ES-MaACL
005 20230906193924.0
007 t|
008 070214s1905 sp r ||||1| spa d
100 1 _aRodenas, Miguel A.
_998115
245 1 0 _aTierras de paz /
_cMiguel A. RĂ³denas.
260 _aMadrid :
_bRevista de Archivos,
_c1905.
300 _a214 p. ;
_c19 cm.
852 _aES-MaACL
_jF-9788
999 _c131135
_d131135